000 01597nam a2200349 c 4500
003 BLK
005 20180422102337.0
008 180408b bul|||||r ||||||| ||bul||
010 _aKNG00064327000
040 _aBLK
041 _aBUL
_cBUL
080 _aСелскостопански трактори Вж и 629.114.2
_b631.372
_x(035)
_z631.372(035)
100 1 _aТошков, Димитър
_eпърви автор
_9289710
700 1 _aТошков, Димитър
_eотг. ред.
_9369902
139 _aСправочник по смазване на трактори и селскостопански машини
_bС 59
245 1 0 _aСправочник по смазване на трактори и селскостопански машини
_cДимитър Тошков; отг. ред. Димитър Тошков.
257 _aBGR
260 София
_bЗемиздат
_c1990
_fХасково : Ат. Стратиев
300 _a171 с.
_bс табл., сх.
_c21 см
380 _a63
500 _aДруги авт.: Г. Христозов, Б. Аврамов, В. Гетова. - 1 300 тир.
650 4 _aТрактори - смазване
_9242998
650 4 _aСелскостопански машини и оръдия - ремонт и поддръжка
_9289489
653 _aтрактори
653 _aселскостопански машини
653 _aсмазочни материали
852 _aЦб 164497
856 4 _qpdf
_u
856 4 _qpdf
_u
942 _cKNG
_n0
944 _aCR
_c13.06.2004
_kЧиталня
944 _aED
_c24.09.2015
_kВаля_Йорданова
999 _c60189
_d60189